Almost Useless Movie Trivia III Quiz Stats

 Plays Quiz Updated Mar 2, 2015

Challenge
Share
Tweet
Embed
Score 0/22 Timer 05:00
3 Plays Today
% Correct
Black Swan
96.2%
The Lion King
95.4%
Back to the Future
95%
The Breakfast Club
94.1%
Brokeback Mountain
94.1%
Finding Nemo
93.3%
Mary Poppins
92.8%
Little Miss Sunshine
91.2%
Jaws
90.8%
Wedding Crashers
88.8%
Risky Business
88.2%
% Correct
Argo
87.7%
Grease
87.4%
300
87.2%
Avatar
86.9%
Goodfellas
86.5%
The Notebook
85.9%
The Graduate
83%
Reservoir Dogs
80.3%
Dr. Strangelove or: How I Learned to Stop Worrying and Love the Bomb
79.5%
The Departed
79%
The Grand Budapest Hotel
65.4%

You're not logged in!

Compare scores with friends on all Sporcle quizzes.
Join for Free
OR
Log In

You Might Also Like...

Show Comments

Extras

Top Quizzes Today


Score Distribution

Your Account Isn't Verified!

In order to create a playlist on Sporcle, you need to verify the email address you used during registration. Go to your Sporcle Settings to finish the process.

Report this User

Report this user for behavior that violates our Community Guidelines.

Details: